| 000 | 01993cam a2200325 i 4500 | ||
|---|---|---|---|
| 003 | SA-RiAUC | ||
| 005 | 20240926141033.0 | ||
| 008 | 240919s1996 le o g d 00000 ara c | ||
| 024 | 0 | _a00000000965278 | |
| 024 | 0 | _a00000000968737 | |
| 040 |
_aSA-RiAUC _bara _cSA-RiAUC _dAE-DuMBRL _erda |
||
| 043 | _ama----- | ||
| 082 | 0 | 4 |
_a953.0003 _qSA-RiAUC |
| 090 |
_a953.0003 _bخ ط ي |
||
| 100 | 1 |
_aالخطيب، مصطفى عبد الكريم _eمؤلف. |
|
| 245 | 1 | 0 |
_aمعجم المصطلحات والألقاب التاريخية/ _cتأليف مصطفى عبد الكريم الخطيب. |
| 250 | _aالطبعة الأولى. | ||
| 264 | 1 |
_aبيروت : _bمؤسسة الرسالة للطباعة والنشر والتوزيع، _c1996. |
|
| 300 |
_a458 صفحة : _bصور ؛ _c24 × 17 سم |
||
| 336 |
_aنص _btxt _2rdacontent _3كتاب |
||
| 337 |
_aبدون وسيط _bn _2rdamedia |
||
| 338 |
_aمجلد _bnc _2rdacarrier |
||
| 520 | _aيتناول كتاب (معجم المصطلحات والألقاب التاريخية) والذي قام بتأليفه مصطفى عبد الكريم الخطيب، موضوع (معجم مصطلحات وألقاب) الكتاب مؤلف عام وشامل لكل المعاني والمفردات والمصطلحات، التي تتضمنها مادة التاريخ، وقد رتبت هذه المصطلحات ترتيبا معجميا، بحيث يكون عونا للباحثين والعاملين بمختلف المجالات المتصلة بتراثنا عبر العصور السالفة كلها. | ||
| 650 | 7 |
_aالتاريخ الإسلامي _vمعاجم _2aucsh |
|
| 650 | 7 |
_aالأسماء والكنى والألقاب والأنساب _vمعاجم _2aucsh |
|
| 651 | 7 |
_aالبلاد العربية _xتاريخ _vمعاجم _2aucsh |
|
| 942 |
_2ddc _cBOOK _n0 |
||
| 949 |
_aSA-JeALM _d240919 _umohamedma123 _n1 |
||
| 999 |
_c569 _d569 |
||